[Event "8th EUR-ch (w)"]
[Site "Dresden GER"]
[Date "2007.04.13"]
[Round "10"]
[White "Petrenko, Svetlana"]
[Black "Dzagnidze, Nana"]
[Result "1/2-1/2"]
[WhiteElo "2289"]
[BlackElo "2435"]
[EventDate "2007.04.03"]
[PlyCount "106"]

1.e4 c5 2.Nf3 d6 3.d4 cxd4 4.Nxd4 Nf6 5.Nc3 g6 6.Be2 Bg7 7.Be3 Nc6 8.Nb3 
O-O 9.O-O a5 10.a3 Bd7 11.f4 a4 12.Nd2 Na5 13.Bf3 Bc6 14.Qe2 Nd7 15.Rab1 
Rc8 16.Na2 Nb6 17.Nb4 Bd7 18.b3 e6 19.Rfd1 Qc7 20.Qf2 Na8 21.Be2 Rfe8 22.
g4 d5 23.Bf3 Nc6 24.exd5 Nxb4 25.axb4 exd5 26.bxa4 Qxc2 27.Bxd5 Bxg4 28.
Nf3 Qxa4 29.Bb3 Qc6 30.Ne5 Bxe5 31.fxe5 Bf5 32.Bd5 Qc7 33.Rbc1 Qe7 34.Bc5 
Qxe5 35.Bxb7 Rcd8 36.Bd4 Qe7 37.Bc6 Bd7 38.Bf6 Qe6 39.Bg2 Rc8 40.Rxc8 Rxc8
41.Qd4 Nb6 42.Bh8 f6 43.Qxf6 Qxf6 44.Bxf6 Bg4 45.Rd8+ Kf7 46.Rd6 Nd7 47.
Bd5+ Kf8 48.Bg5 Rb8 49.Bd2 Ke7 50.Ra6 Rb6 51.Rxb6 Nxb6 52.Bg8 Be6 53.Be3 
Bxg8 1/2-1/2

[Event "8th EUR-ch (w)"]
[Site "Dresden GER"]
[Date "2007.04.13"]
[Round "10"]
[White "Jackova, Jana"]
[Black "Cherednichenko, Svetlana"]
[Result "1-0"]
[WhiteElo "2423"]
[BlackElo "2280"]
[EventDate "2007.04.03"]
[PlyCount "151"]

1.e4 e6 2.d4 d5 3.Nc3 Bb4 4.e5 c5 5.a3 Bxc3+ 6.bxc3 Qa5 7.Bd2 Qa4 8.Qg4 
Kf8 9.Qd1 b6 10.c4 Ne7 11.Nf3 Ba6 12.cxd5 Bxf1 13.Kxf1 Nxd5 14.h4 Nc6 15.
dxc5 bxc5 16.h5 h6 17.Rh4 Qa6+ 18.Qe2 Qxe2+ 19.Kxe2 Ke7 20.Rg4 Rhg8 21.Rb1
Rad8 22.Rb7+ Rd7 23.Rxd7+ Kxd7 24.Bxh6 Rh8 25.Bxg7 Rxh5 26.Rc4 Rh1 27.Bf8 
Nce7 28.Bxe7 Kxe7 29.Rxc5 f6 30.exf6+ Kxf6 31.g3 Ra1 32.Ra5 Nc3+ 33.Kd3 
Nd1 34.Nd2 Nxf2+ 35.Ke2 Nd1 36.Ne4+ Kg6 37.g4 Nb2 38.Rxa7 Rg1 39.Nf2 Rc1 
40.Kd2 Rg1 41.Ke2 Rc1 42.Rc7 Ra1 43.Rc3 Kg5 44.Kf3 Rf1 45.Rc5+ Kg6 46.Ke2 
Ra1 47.Ne4 Rxa3 48.Rc6 Ra4 49.Rxe6+ Kg7 50.g5 Rc4 51.Kd2 Na4 52.g6 Rd4+ 
53.Ke3 Rd1 54.Ke2 Rg1 55.c4 Rxg6 56.Re7+ Kf8 57.Ra7 Nb2 58.c5 Re6 59.Ke3 
Re7 60.Ra1 Nc4+ 61.Kd4 Ne5 62.Nd6 Nf3+ 63.Kc4 Kg8 64.Ra3 Ne5+ 65.Kd5 Nd7 
66.c6 Nf6+ 67.Kc5 Re5+ 68.Kc4 Re7 69.Rb3 Rc7 70.Rb8+ Kg7 71.Kb5 Kg6 72.Ne8
Re7 73.Nxf6 Kxf6 74.Kb6 Re1 75.c7 Rb1+ 76.Ka5 1-0

[Event "8th EUR-ch (w)"]
[Site "Dresden GER"]
[Date "2007.04.13"]
[Round "10"]
[White "Sudakova, Irina"]
[Black "Seps, Monika"]
[Result "1-0"]
[WhiteElo "2371"]
[BlackElo "2265"]
[EventDate "2007.04.03"]
[PlyCount "101"]

1.e4 c5 2.Nf3 d6 3.d4 cxd4 4.Nxd4 Nf6 5.Nc3 a6 6.Be2 e5 7.Nb3 Be7 8.O-O 
O-O 9.Kh1 b6 10.Be3 Bb7 11.f3 Nbd7 12.a4 Rc8 13.Bd3 Rc7 14.Qe2 Qa8 15.Rfd1
Rfc8 16.Rd2 h6 17.Rad1 Rxc3 18.bxc3 d5 19.exd5 Nxd5 20.Bf5 Nxc3 21.Qf2 
Nxd1 22.Rxd1 Bc6 23.a5 Rd8 24.axb6 a5 25.b7 Qxb7 26.Nxa5 Qb5 27.Nxc6 Qxc6 
28.Kg1 Nf6 29.Rxd8+ Bxd8 30.Bd3 Qa4 31.Qd2 Ba5 32.Qd1 Nd5 33.Qb1 Bb4 34.
Bf2 Nc3 35.Qe1 Qa5 36.Bg3 Qc5+ 37.Kh1 f6 38.h4 Qd4 39.Bf2 Qf4 40.Qa1 f5 
41.Qa8+ Bf8 42.Qc8 Nd1 43.Bc5 Qxh4+ 44.Kg1 Qe1+ 45.Bf1 Ne3 46.Qxf8+ Kh7 
47.Bxe3 Qxe3+ 48.Kh1 Qf4 49.Qc5 e4 50.Qf2 e3 51.Qe1 1-0

[Event "8th EUR-ch (w)"]
[Site "Dresden GER"]
[Date "2007.04.13"]
[Round "10"]
[White "Vozovic, Oksana"]
[Black "Guramishvili, Sopiko"]
[Result "1-0"]
[WhiteElo "2356"]
[BlackElo "2267"]
[EventDate "2007.04.03"]
[PlyCount "101"]

1.Nf3 Nf6 2.g3 b5 3.Bg2 Bb7 4.O-O e6 5.d3 c5 6.e4 Nc6 7.e5 Nd5 8.c4 Nc7 9.
Nc3 a6 10.Ne4 d5 11.exd6 Bxd6 12.Be3 Nb4 13.a3 Bxe4 14.axb4 Bb7 15.bxc5 
Be7 16.Ne5 Bxg2 17.Kxg2 Bf6 18.f4 O-O 19.b4 Bxe5 20.fxe5 Rb8 21.Rb1 Qd7 
22.Rb2 Na8 23.Qe2 Qc7 24.Qh5 Rbd8 25.Rb3 Rd7 26.Rf4 g6 27.Qg5 bxc4 28.dxc4
Qc6+ 29.Kh3 Qa4 30.Rb1 Qc2 31.Rbf1 Qd3 32.R1f3 Qe2 33.Qh6 f5 34.exf6 Rff7 
35.Bd4 Qxc4 36.Be5 Qd5 37.Qg5 Qd1 38.Bd6 Nc7 39.Bxc7 Rxc7 40.Qe5 h5 41.Qe4
Kh7 42.Rh4 Kh6 43.Qe3+ Kh7 44.g4 Rcd7 45.g5 Rd5 46.Rhf4 Rxg5 47.Qxe6 Rd7 
48.c6 Rc7 49.f7 Qh1 50.Qe2 Re7 51.Qf2 1-0

[Event "8th EUR-ch (w)"]
[Site "Dresden GER"]
[Date "2007.04.13"]
[Round "10"]
[White "Makropoulou, Marina"]
[Black "Michna, Marta"]
[Result "1/2-1/2"]
[WhiteElo "2268"]
[BlackElo "2355"]
[EventDate "2007.04.03"]
[PlyCount "38"]

1.e4 d6 2.d4 Nf6 3.Nc3 Nc6 4.Nf3 Bg4 5.d5 Nb8 6.h3 Bxf3 7.Qxf3 g6 8.Bg5 
Bg7 9.Qe3 O-O 10.Be2 c6 11.dxc6 bxc6 12.O-O Nbd7 13.Rad1 Qa5 14.Kh1 Rab8 
15.b3 h6 16.Bh4 g5 17.Bg3 Nh7 18.Na4 Nb6 19.Nxb6 axb6 1/2-1/2

[Event "8th EUR-ch (w)"]
[Site "Dresden GER"]
[Date "2007.04.13"]
[Round "10"]
[White "Pokorna, Regina"]
[Black "Srebrnic, Ana"]
[Result "1/2-1/2"]
[WhiteElo "2343"]
[BlackElo "2262"]
[EventDate "2007.04.03"]
[PlyCount "144"]

1.e4 e5 2.d4 exd4 3.Qxd4 Nc6 4.Qe3 Be7 5.Nc3 Nf6 6.Bc4 O-O 7.Nf3 Nb4 8.Bb3
d5 9.O-O dxe4 10.Nxe4 Nbd5 11.Nxf6+ Nxf6 12.c3 Bd6 13.Qd4 Bg4 14.Bg5 Bxf3 
15.gxf3 Be7 16.Qc4 Nd5 17.Rad1 Bxg5 18.Rxd5 Qf6 19.Qg4 Bh6 20.Rf5 Qg6 21.
Rd1 Qxg4+ 22.fxg4 g6 23.Rf3 Bg7 24.Rd7 Be5 25.Rfxf7 Rxf7 26.Bxf7+ Kh8 27.
h4 Bd6 28.Kf1 Rf8 29.Ke2 b6 30.f3 Kg7 31.Bd5+ Kh8 32.Be4 Re8 33.h5 Re7 34.
Rxe7 Bxe7 35.hxg6 hxg6 36.Bxg6 Kg7 37.Bf5 Bg5 38.Kd3 Bc1 39.Ke4 Bxb2 40.c4
Kf6 41.f4 Bc1 42.g5+ Ke7 43.Bc8 c6 44.Kf5 b5 45.cxb5 cxb5 46.Ba6 b4 47.Kg4
Ke6 48.f5+ Ke5 49.f6 Be3 50.Kh5 Bc5 51.Bc8 a5 52.Bd7 Bf8 53.Kg6 Kf4 54.Ba4
Bc5 55.f7 Be7 56.Bd1 Bc5 57.Kf6 Bd4+ 58.Ke6 Bg7 59.g6 Kg5 60.Bc2 Bf8 61.
Bd3 a4 62.Bb1 b3 63.axb3 axb3 64.Bd3 b2 65.Bb1 Kh6 66.Kf6 Bb4 67.Bc2 Bc3+ 
68.Ke7 Bb4+ 69.Kf6 Bc3+ 70.Ke6 Kg7 71.Ke7 Bb4+ 72.Ke8 Bc5 1/2-1/2

[Event "8th EUR-ch (w)"]
[Site "Dresden GER"]
[Date "2007.04.13"]
[Round "10"]
[White "Stiri, Alexandra"]
[Black "Calzetta Ruiz, Monica"]
[Result "1-0"]
[WhiteElo "2258"]
[BlackElo "2340"]
[EventDate "2007.04.03"]
[PlyCount "79"]

1.e4 c5 2.Nf3 a6 3.c3 g6 4.d4 cxd4 5.cxd4 d5 6.e5 Nc6 7.h3 Bg7 8.Nc3 f6 9.
exf6 Nxf6 10.Bd3 O-O 11.O-O Kh8 12.Ne5 Nxe5 13.dxe5 Ng8 14.f4 e6 15.Na4 b5
16.Nc5 Ne7 17.Kh2 Nc6 18.Be3 Ra7 19.Rc1 Rc7 20.Nb3 d4 21.Nxd4 Nxd4 22.Rxc7
Qxc7 23.Bxd4 Rd8 24.Be3 Bb7 25.Qc2 Qe7 26.Bc5 Qd7 27.Bd6 Rc8 28.Qe2 Bd5 
29.b3 Qb7 30.Rf2 Bh6 31.Qg4 Qb6 32.Qh4 Kg7 33.Be7 Kg8 34.Bxg6 Qxf2 35.
Bxh7+ Kxh7 36.Qxf2 Be4 37.Bc5 Rd8 38.Qe1 Bxf4+ 39.Kg1 Bc2 40.Qh4+ 1-0

[Event "8th EUR-ch (w)"]
[Site "Dresden GER"]
[Date "2007.04.13"]
[Round "10"]
[White "Klinova, Masha"]
[Black "Atnilov, Bela"]
[Result "1/2-1/2"]
[WhiteElo "2330"]
[BlackElo "2164"]
[EventDate "2007.04.03"]
[PlyCount "121"]

1.e4 e6 2.Nf3 d5 3.Nc3 dxe4 4.Nxe4 Nd7 5.d4 Ngf6 6.Nxf6+ Nxf6 7.Be2 Be7 8.
O-O O-O 9.Bf4 Nd5 10.Bg3 Bd6 11.Ne5 Bxe5 12.Bxe5 b6 13.c4 Ne7 14.Bf3 Rb8 
15.d5 f6 16.Bc3 exd5 17.cxd5 Bb7 18.Bb4 Rf7 19.d6 cxd6 20.Bxb7 Rxb7 21.
Qxd6 Rd7 22.Qe6 Nd5 23.Ba3 Nf4 24.Qg4 Rd4 25.Rfe1 h5 26.Qf3 Qd5 27.Qxd5 
Rxd5 28.g3 Ng6 29.Rad1 Rfd7 30.Rxd5 Rxd5 31.Kg2 Ne5 32.Re2 Rd3 33.Bb4 Nc6 
34.Re8+ Kf7 35.Rf8+ Ke6 36.Bc3 Rd8 37.Rxd8 Nxd8 38.Kf3 Nf7 39.Ke3 Ne5 40.
h3 Kd5 41.b3 Nf7 42.f3 Nd6 43.g4 hxg4 44.fxg4 Ne4 45.Bb2 Ng5 46.h4 Ne6 47.
h5 Ng5 48.h6 gxh6 49.Bxf6 Ne6 50.Bb2 Ng5 51.Bg7 Nf7 52.Kf4 Ke6 53.a4 a6 
54.Bd4 b5 55.axb5 axb5 56.Bg7 Nd8 57.Bxh6 Nc6 58.Ke4 b4 59.Bd2 Na5 60.Bxb4
Nxb3 61.g5 1/2-1/2

[Event "8th EUR-ch (w)"]
[Site "Dresden GER"]
[Date "2007.04.13"]
[Round "10"]
[White "Andriasian, Siranush"]
[Black "Burtasova, Anna"]
[Result "1/2-1/2"]
[WhiteElo "2252"]
[BlackElo "2314"]
[EventDate "2007.04.03"]
[PlyCount "51"]

1.e4 e5 2.Nf3 Nc6 3.Bc4 Bc5 4.d3 Nf6 5.c3 O-O 6.Bb3 d5 7.Qe2 Bg4 8.Bg5 
dxe4 9.dxe4 h6 10.Bh4 g5 11.Bg3 Nh5 12.Nbd2 Qf6 13.O-O-O a5 14.a4 Rfb8 15.
h3 Be6 16.Bd5 Bd6 17.Nc4 Nf4 18.Bxf4 Qxf4+ 19.Qe3 Bxd5 20.Qxf4 exf4 21.
Rxd5 Re8 22.Re1 Bf8 23.Rd7 Re7 24.Rd5 b6 25.Nfd2 Rd8 26.Rxd8 1/2-1/2

[Event "8th EUR-ch (w)"]
[Site "Dresden GER"]
[Date "2007.04.13"]
[Round "10"]
[White "Nemcova, Katerina"]
[Black "Velikhanli, Firuza"]
[Result "1/2-1/2"]
[WhiteElo "2164"]
[BlackElo "2310"]
[EventDate "2007.04.03"]
[PlyCount "25"]

1.e4 d6 2.d4 Nf6 3.Nc3 g6 4.Nf3 Bg7 5.Be3 O-O 6.h3 c6 7.a4 Nbd7 8.a5 e5 9.
dxe5 dxe5 10.Qd6 Ne8 11.Qd2 Qe7 12.Bc4 Nef6 13.Ng5 1/2-1/2

[Event "8th EUR-ch (w)"]
[Site "Dresden GER"]
[Date "2007.04.13"]
[Round "10"]
[White "Von Wantoch-Rekowski, Danijela"]
[Black "Jurgens, Vera"]
[Result "1-0"]
[WhiteElo "2114"]
[BlackElo "2290"]
[EventDate "2007.04.03"]
[PlyCount "61"]

1.b3 d5 2.Bb2 Nf6 3.e3 c6 4.Nf3 Bg4 5.h3 Bxf3 6.Qxf3 Nbd7 7.d4 Ne4 8.Bd3 
Ndf6 9.O-O e6 10.Rd1 Qa5 11.a3 Bd6 12.c4 Rc8 13.b4 Qd8 14.Nd2 Ng5 15.Qe2 
Bb8 16.f4 Nge4 17.Nxe4 dxe4 18.Bc2 a6 19.g4 h6 20.Qg2 g5 21.Rf1 gxf4 22.
exf4 Rg8 23.Bxe4 Nxg4 24.Bh7 Rg7 25.d5 Rxh7 26.Qxg4 Kf8 27.dxe6 f6 28.Qf5 
Rg7+ 29.Kh1 Kg8 30.Bxf6 Qf8 31.e7 1-0

[Event "8th EUR-ch (w)"]
[Site "Dresden GER"]
[Date "2007.04.13"]
[Round "10"]
[White "Dergatschova-Daus, Anna"]
[Black "Levushkina, Elena"]
[Result "1-0"]
[WhiteElo "2230"]
[BlackElo "2327"]
[EventDate "2007.04.03"]
[PlyCount "64"]

1.c4 e5 2.g3 c6 3.d4 exd4 4.Qxd4 d5 5.Bg2 Nf6 6.Nf3 Be7 7.O-O O-O 8.Nc3 
dxc4 9.Qxc4 Be6 10.Qa4 Qb6 11.Qc2 Na6 12.Be3 Qa5 13.a3 Qh5 14.b4 Nc7 15.
Bd4 Ncd5 16.e4 Nxc3 17.Bxc3 Bh3 18.Rfe1 Ng4 19.Qb2 Rfe8 20.Rad1 Bf8 21.Qb3
Re6 22.Bd2 c5 23.Bf4 cxb4 24.Rd5 Qg6 25.Bxh3 h5 26.Rg5 Qh7 27.Bxg4 hxg4 
28.Rxg4 Rxe4 29.Rxe4 Qxe4 30.axb4 a5 31.bxa5 Rxa5 32.Kg2 Ra3 1-0

[Event "8th EUR-ch (w)"]
[Site "Dresden GER"]
[Date "2007.04.13"]
[Round "10"]
[White "Topel, Zehra"]
[Black "Mamedyarova, Turkan"]
[Result "1-0"]
[WhiteElo "2224"]
[BlackElo "2293"]
[EventDate "2007.04.03"]
[PlyCount "119"]

1.d4 Nf6 2.c4 g6 3.Nc3 Bg7 4.e4 d6 5.f3 O-O 6.Be3 Nbd7 7.Nh3 e5 8.d5 h6 9.
Qd2 g5 10.Nf2 Nh7 11.g4 Re8 12.h4 f6 13.Be2 Nhf8 14.h5 a5 15.O-O b6 16.b3 
Nc5 17.Qc2 Bd7 18.a3 a4 19.b4 Nb3 20.Rab1 Nd4 21.Qd3 c5 22.Kg2 Qc7 23.b5 
Nxe2 24.Qxe2 Ra7 25.Qc2 Rea8 26.Nd3 Be8 27.Ra1 Qe7 28.Ra2 Nd7 29.Bc1 Bf7 
30.Re1 Qd8 31.Nb2 Bf8 32.Nbxa4 Be7 33.Nb2 Qf8 34.a4 Bd8 35.Ne2 Bc7 36.Ng3 
Kh8 37.Nf5 Bg8 38.Bd2 Bh7 39.Ng3 Qd8 40.Bc3 Nf8 41.Qd2 Nd7 42.Rea1 Kg8 43.
Nd3 Kh8 44.Nc1 Kg8 45.Nb3 Kf7 46.Nf1 Kf8 47.Ne3 Kf7 48.a5 bxa5 49.Nxa5 
Bxa5 50.Rxa5 Rxa5 51.Rxa5 Rxa5 52.Bxa5 Qc8 53.Qb2 Nb8 54.Qa3 Nd7 55.Bc3 
Ke8 56.Qa7 Qb8 57.Qa6 Nb6 58.Ba5 Nc8 59.Qc6+ Ke7 60.b6 1-0

[Event "8th EUR-ch (w)"]
[Site "Dresden GER"]
[Date "2007.04.13"]
[Round "10"]
[White "Ionica, Iulia-Ionela"]
[Black "Mader, Manuela"]
[Result "1-0"]
[WhiteElo "2276"]
[BlackElo "2223"]
[EventDate "2007.04.03"]
[PlyCount "127"]

1.e4 c6 2.d4 d5 3.Nc3 dxe4 4.Nxe4 Bf5 5.Nc5 e5 6.Nb3 exd4 7.Nxd4 Bg6 8.
Ngf3 Nf6 9.Bc4 Be7 10.O-O O-O 11.c3 Nbd7 12.Re1 Re8 13.Bg5 Nb6 14.Be2 h6 
15.Bh4 Nbd5 16.Qb3 Qc7 17.Bg3 Qb6 18.Ne5 Bh7 19.Nc4 Qxb3 20.axb3 Ne4 21.
Na5 Nxg3 22.hxg3 Rab8 23.Bf3 Nf6 24.b4 a6 25.Nxb7 Rxb7 26.Bxc6 Reb8 27.
Bxb7 Rxb7 28.Rxa6 Bd3 29.Ra8+ Bf8 30.Nc6 g5 31.Re3 Be4 32.Nd4 Kg7 33.Ra6 
Bg6 34.f3 Rd7 35.Nc6 Rd1+ 36.Kh2 g4 37.Ne5 gxf3 38.gxf3 Rd2+ 39.Kh3 Bf5+ 
40.g4 Be6 41.Ra7 Rxb2 42.Nd3 Rd2 43.Rxe6 Rxd3 44.Rc6 Rxf3+ 45.Kg2 Rf4 46.
b5 Nd5 47.Kg3 Re4 48.c4 Nb6 49.Rac7 Na4 50.b6 Rxc4 51.Rxc4 Bd6+ 52.Kf3 
Nxb6 53.Rxf7+ Kxf7 54.Rc6 Nd7 55.Rxd6 Ne5+ 56.Kf4 Ng6+ 57.Ke4 Kg7 58.Ra6 
Ne7 59.Ke5 Ng6+ 60.Ke6 Nf4+ 61.Kf5 Nd5 62.Ra7+ Kf8 63.Kg6 Ne3 64.Ra4 1-0

[Event "8th EUR-ch (w)"]
[Site "Dresden GER"]
[Date "2007.04.13"]
[Round "10"]
[White "Padurariu, Ioana-Smaranda"]
[Black "Karlovich, Anastazia"]
[Result "1/2-1/2"]
[WhiteElo "2223"]
[BlackElo "2266"]
[EventDate "2007.04.03"]
[PlyCount "59"]

1.e4 e5 2.Nf3 Nc6 3.Bb5 a6 4.Bxc6 dxc6 5.O-O f6 6.d4 exd4 7.Nxd4 c5 8.Nb3 
Qxd1 9.Rxd1 Bd7 10.Bf4 O-O-O 11.Nc3 Be6 12.Rxd8+ Kxd8 13.Rd1+ Kc8 14.Nd5 
Bxd5 15.Rxd5 b6 16.f3 h5 17.Nc1 Ne7 18.Rd1 Ng6 19.Be3 Bd6 20.Ne2 h4 21.h3 
Re8 22.Kf2 Kb7 23.b3 Kc6 24.Rd5 Kd7 25.Bf4 Nxf4 26.Nxf4 c6 27.Rd3 Kc7 28.
Ne2 b5 29.c4 g5 30.Ke1 1/2-1/2

[Event "8th EUR-ch (w)"]
[Site "Dresden GER"]
[Date "2007.04.13"]
[Round "10"]
[White "Gromova, Yulia"]
[Black "Danelia, Mariam"]
[Result "1/2-1/2"]
[WhiteElo "2252"]
[BlackElo "2056"]
[EventDate "2007.04.03"]
[PlyCount "85"]

1.d4 Nf6 2.c4 e6 3.Nf3 b6 4.g3 Ba6 5.b3 Bb4+ 6.Bd2 Be7 7.Bg2 c6 8.Bc3 d5 
9.Ne5 Nfd7 10.Nxd7 Nxd7 11.Nd2 O-O 12.O-O Rc8 13.e4 c5 14.exd5 exd5 15.
dxc5 dxc4 16.Nxc4 Bxc4 17.bxc4 Rxc5 18.Qe2 Bf6 19.Bxf6 Nxf6 20.Rad1 Qc7 
21.Rd4 Rc8 22.Rfd1 a6 23.Bd5 Nxd5 24.cxd5 Qd6 25.R1d2 Rd8 26.Re4 g6 27.
Red4 Rd7 28.Qe3 Kg7 29.Rh4 a5 30.Rhd4 Rc1+ 31.Kg2 Rc5 32.R2d3 Rdc7 33.Qf3 
Rc2 34.Rd2 R2c3 35.R4d3 R3c4 36.Re2 R4c5 37.a4 Rd7 38.Red2 Qf6 39.d6 Qxf3+
40.Kxf3 Kf6 41.Rd4 Ke6 42.R4d3 Rc6 43.Re3+ 1/2-1/2

[Event "8th EUR-ch (w)"]
[Site "Dresden GER"]
[Date "2007.04.13"]
[Round "10"]
[White "Umudova, Nargiz"]
[Black "Paulet, Iozefina"]
[Result "0-1"]
[WhiteElo "2198"]
[BlackElo "2241"]
[EventDate "2007.04.03"]
[PlyCount "178"]

1.e4 c5 2.Nf3 d6 3.d4 cxd4 4.Nxd4 Nf6 5.Nc3 a6 6.Be2 e5 7.Nb3 Be7 8.O-O 
O-O 9.Kh1 b5 10.a4 b4 11.Nd5 Bb7 12.Be3 Nxd5 13.exd5 a5 14.Bb5 Nd7 15.c3 
Ba6 16.Bxa6 Rxa6 17.Qd3 Qa8 18.Rfd1 Nf6 19.f3 Rb8 20.c4 Nd7 21.Rac1 Rc8 
22.Qf5 Qb7 23.c5 dxc5 24.d6 g6 25.Qh3 Bxd6 26.Nxa5 Rxa5 27.Rxd6 Nf8 28.Bg5
Rc6 29.Rd8 Ra8 30.Rcd1 Rxd8 31.Rxd8 Qa6 32.Kg1 Rd6 33.Qc8 Qxc8 34.Rxc8 
Rd1+ 35.Kf2 Kg7 36.Rxc5 Ne6 37.Rxe5 Nxg5 38.Rxg5 f5 39.f4 Rd2+ 40.Kf1 Rxb2
41.Rg3 Ra2 42.Rd3 Rxa4 43.Rd7+ Kg8 44.Rb7 h5 45.Kf2 h4 46.Kf3 Ra3+ 47.Kf2 
b3 48.Kf3 b2+ 49.Kf2 Ra2 50.Kf3 Kf8 51.g3 h3 52.Ke3 Ke8 53.Kd3 Kd8 54.Kd4 
Kc8 55.Rb3 Kc7 56.Rb5 Kc6 57.Rb8 Kc7 58.Rb5 Kd6 59.Rb6+ Ke7 60.Ke3 Kf7 61.
Kf3 Kg7 62.Ke3 Kh6 63.Kf3 Ra3+ 64.Kf2 Ra2 65.Kf3 Kg7 66.Ke3 Kf7 67.Kd4 Ke7
68.Rb7+ Kd6 69.Rb6+ Kd7 70.Rb8 Kc7 71.Rb5 Kc6 72.Rb8 b1=Q 73.Rxb1 Rxh2 74.
Ke3 Ra2 75.Rb8 h2 76.Rh8 Kc5 77.Kf3 Kd4 78.Rd8+ Kc3 79.Rh8 Rd2 80.Rh7 Kc2 
81.g4 fxg4+ 82.Kxg4 Kd1 83.Kg3 Ke1 84.Kf3 Kf1 85.Rh6 Rf2+ 86.Ke3 Rg2 87.f5
gxf5 88.Kf3 Kg1 89.Rb6 Rf2+ 0-1

[Event "8th EUR-ch (w)"]
[Site "Dresden GER"]
[Date "2007.04.13"]
[Round "10"]
[White "Rybenko, Ksenia"]
[Black "Von Herman, Brigitte"]
[Result "1-0"]
[WhiteElo "2239"]
[BlackElo "2070"]
[EventDate "2007.04.03"]
[PlyCount "91"]

1.e4 e5 2.Nf3 Nc6 3.Bb5 a6 4.Ba4 Nf6 5.Qe2 b5 6.Bb3 Bc5 7.c3 O-O 8.d3 d5 
9.Bg5 dxe4 10.dxe4 h6 11.Bh4 Qd6 12.Nbd2 Ne7 13.O-O-O Ng6 14.g3 Ng4 15.Bd5
Be6 16.Nb3 Qb6 17.Nxc5 Qxc5 18.Bxa8 Rxa8 19.Rd2 Bxa2 20.h3 Bc4 21.Qe1 Nxh4
22.Nxh4 Nf6 23.Nf5 a5 24.Qe3 Qxe3 25.Nxe3 Nxe4 26.Nxc4 bxc4 27.Rd7 Nxf2 
28.Rf1 Nd3+ 29.Kc2 Rb8 30.Rfxf7 Rxb2+ 31.Kd1 Nf2+ 32.Ke1 Nd3+ 33.Kf1 e4 
34.Rxg7+ Kh8 35.Rge7 Rb1+ 36.Ke2 Rb8 37.Rh7+ Kg8 38.Rdg7+ Kf8 39.Rxc7 Kg8 
40.Rcg7+ Kf8 41.Ra7 Kg8 42.Rxh6 Rb1 43.Rg6+ Kf8 44.Ke3 Ne5 45.Rf6+ Kg8 46.
Kxe4 1-0

[Event "8th EUR-ch (w)"]
[Site "Dresden GER"]
[Date "2007.04.13"]
[Round "10"]
[White "Smochina, Carolina"]
[Black "Leite, Catarina"]
[Result "0-1"]
[WhiteElo "2192"]
[BlackElo "2232"]
[EventDate "2007.04.03"]
[PlyCount "54"]

1.d4 d5 2.c4 c6 3.Nf3 e6 4.e3 Nf6 5.b3 Bd6 6.Bb2 Nbd7 7.Bd3 O-O 8.O-O Qe7 
9.Ne5 Ne8 10.f4 f5 11.Nd2 Ndf6 12.Rc1 Bd7 13.Qc2 Ne4 14.Nxe4 dxe4 15.Be2 
Nf6 16.h3 Be8 17.g4 Nd7 18.Nxd7 Bxd7 19.g5 c5 20.Rcd1 cxd4 21.exd4 Bxf4 
22.Kh1 Qxg5 23.d5 Qg3 24.Rxf4 Qxh3+ 25.Kg1 Qg3+ 26.Kh1 Qxf4 27.dxe6 Bc6 
0-1

[Event "8th EUR-ch (w)"]
[Site "Dresden GER"]
[Date "2007.04.13"]
[Round "10"]
[White "Van Weersel, Arlette"]
[Black "Gvetadze, Sopio"]
[Result "0-1"]
[WhiteElo "2156"]
[BlackElo "2411"]
[EventDate "2007.04.03"]
[PlyCount "106"]

1.e4 Nf6 2.e5 Nd5 3.d4 d6 4.c4 Nb6 5.exd6 cxd6 6.Nc3 g6 7.Be3 Bg7 8.Qd2 
O-O 9.h4 Nc6 10.h5 Bf5 11.Bh6 gxh5 12.Bxg7 Kxg7 13.Rxh5 Bg6 14.Rh3 e5 15.
Bd3 f5 16.d5 Nb4 17.Be2 f4 18.Rc1 a5 19.Nf3 Nd7 20.Nh4 Nc5 21.Nxg6 hxg6 
22.Qd1 Rh8 23.a3 Nba6 24.b3 Qg5 25.Bf1 Qf5 26.Rb1 Rxh3 27.gxh3 Re8 28.b4 
axb4 29.axb4 Ne4 30.Nb5 Rh8 31.Qd3 f3 32.Rb3 Rh4 33.c5 dxc5 34.d6 Qd7 35.
Qd5 Nf6 36.Qxf3 c4 37.Bxc4 Rxc4 38.Nc3 Qxd6 39.Qxb7+ Rc7 40.Qb5 Nxb4 41.
Rxb4 Rxc3 42.Rb1 Rxh3 43.Qb7+ Kh6 44.Rb6 Qd5 45.Qxd5 Nxd5 46.Re6 Nf4 47.
Re8 Kg7 48.Kd2 Rd3+ 49.Kc2 Rd5 50.Kc3 Kf6 51.Kc4 Rd2 52.f3 Rf2 53.Rf8+ Ke7
0-1

[Event "8th EUR-ch (w)"]
[Site "Dresden GER"]
[Date "2007.04.13"]
[Round "10"]
[White "Ptacnikova, Lenka"]
[Black "Shmirina, Evgenija"]
[Result "1/2-1/2"]
[WhiteElo "2290"]
[BlackElo "2112"]
[EventDate "2007.04.03"]
[PlyCount "132"]

1.e4 e6 2.d4 d5 3.Nd2 Nf6 4.e5 Nfd7 5.Bd3 c5 6.c3 Nc6 7.Ne2 f6 8.exf6 gxf6
9.Nf4 Qe7 10.Qh5+ Qf7 11.Be2 Qxh5 12.Bxh5+ Ke7 13.dxc5 Nxc5 14.O-O Bh6 15.
Nb3 Bxf4 16.Bxf4 Nd3 17.Bg3 Nxb2 18.Rfe1 b6 19.Re2 Nc4 20.f4 Nd6 21.Bf3 
Kf7 22.c4 Nxc4 23.f5 N4e5 24.Bh5+ Kg7 25.fxe6 Bxe6 26.Rf1 Rhf8 27.Bf4 Bg4 
28.Bxg4 Nxg4 29.Re6 Nge5 30.Bg3 Rae8 31.Rfxf6 Rxf6 32.Rxe8 Nc4 33.Rc8 Kg6 
34.Rc7 a5 35.Bf2 a4 36.Nc1 b5 37.Nd3 h6 38.Rb7 b4 39.Nxb4 Nxb4 40.Rxb4 a3 
41.Bc5 Rc6 42.Rb5 Kf5 43.Bxa3 Nxa3 44.Rxd5+ Kg6 45.Kf2 Nc4 46.Kf3 Ra6 47.
Rc5 Nd6 48.Rc2 Kf5 49.Rc5+ Kf6 50.Rc2 Nf5 51.Rb2 Ne7 52.Kg4 Kg6 53.Rd2 Rf6
54.Rb2 Nd5 55.Rd2 Ne3+ 56.Kh3 h5 57.Rd3 Ng4 58.Ra3 Nf2+ 59.Kg3 Ne4+ 60.Kh3
Rf5 61.Ra8 Nf6 62.Ra3 Kg5 63.Ra7 Ne4 64.Rg7+ Kf6 65.Ra7 Kg6 66.Ra8 Nf2+ 
1/2-1/2

[Event "8th EUR-ch (w)"]
[Site "Dresden GER"]
[Date "2007.04.13"]
[Round "10"]
[White "Cherednichenko, Elena"]
[Black "Kopinits, Anna-Christina"]
[Result "1/2-1/2"]
[WhiteElo "2091"]
[BlackElo "2198"]
[EventDate "2007.04.03"]
[PlyCount "51"]

1.d4 Nf6 2.Nf3 e6 3.e3 b6 4.Bd3 Bb7 5.O-O d5 6.Ne5 Bd6 7.f4 c5 8.b3 Nc6 9.
Bb2 O-O 10.Nd2 cxd4 11.exd4 Nb4 12.Be2 Rc8 13.c3 Nc6 14.Bd3 Ne7 15.Qe2 Rc7
16.Rf3 Ng6 17.Raf1 Qa8 18.Bxg6 hxg6 19.Nxg6 Re8 20.Ne5 g6 21.Rh3 Kg7 22.
Qe3 Rh8 23.Rxh8 Qxh8 24.Rf3 Qh5 25.Nf1 Ba6 26.Bc1 1/2-1/2

[Event "8th EUR-ch (w)"]
[Site "Dresden GER"]
[Date "2007.04.13"]
[Round "10"]
[White "Makka, Ioulia"]
[Black "Bakalarz, Grazyna"]
[Result "1-0"]
[WhiteElo "2185"]
[BlackElo "2081"]
[EventDate "2007.04.03"]
[PlyCount "113"]

1.e4 g6 2.d4 Bg7 3.Nf3 c6 4.h3 d5 5.Nc3 dxe4 6.Nxe4 Nd7 7.Bc4 Ngf6 8.Nxf6+
Nxf6 9.Bf4 Nd5 10.Be5 O-O 11.Qd2 Bf5 12.Bxg7 Kxg7 13.O-O b5 14.Bxd5 cxd5 
15.a4 bxa4 16.Rxa4 Qc7 17.c3 Bd7 18.Ra3 Bb5 19.Rfa1 a6 20.Ne5 Rfb8 21.Qf4 
e6 22.Nxg6 Qxf4 23.Nxf4 Bc4 24.b4 Rb6 25.f3 Rc8 26.Kf2 Rbc6 27.Re1 Rg8 28.
Re3 Bb5 29.Nh5+ Kg6 30.Nf4+ Kg7 31.g3 Rgc8 32.Ke1 h6 33.Kd2 Rg8 34.g4 Kf6 
35.h4 Rc7 36.Re5 Ra7 37.Ra5 Rc8 38.Re3 Rc6 39.Re1 Rac7 40.Re3 Ra7 41.Nd3 
Bxd3 42.Kxd3 Rac7 43.Rc5 a5 44.Re2 Rxc5 45.dxc5 axb4 46.cxb4 e5 47.Ra2 Rc6
48.Rc2 Ke7 49.b5 Rc8 50.b6 Kd7 51.b7 Rb8 52.c6+ Kc7 53.Rc5 f6 54.h5 Re8 
55.Ra5 Rd8 56.Ra8 Rb8 57.Ke3 1-0

[Event "8th EUR-ch (w)"]
[Site "Dresden GER"]
[Date "2007.04.13"]
[Round "10"]
[White "Steil-Antoni, Fiona"]
[Black "Mira, Helene"]
[Result "0-1"]
[WhiteElo "2018"]
[BlackElo "2171"]
[EventDate "2007.04.03"]
[PlyCount "94"]

1.e4 g6 2.d4 Bg7 3.Nc3 c6 4.Nf3 d6 5.Be3 b5 6.a3 a6 7.h3 Nd7 8.Qd2 Qc7 9.
Be2 e5 10.O-O Ngf6 11.Bh6 O-O 12.Bxg7 Kxg7 13.Rad1 Bb7 14.Rfe1 Rfe8 15.Bf1
Rad8 16.dxe5 dxe5 17.Qe3 Nf8 18.Qc5 N6d7 19.Qe3 Ne6 20.Rd2 f6 21.Red1 Nb6 
22.b3 Rxd2 23.Rxd2 Rd8 24.Ne2 c5 25.c3 c4 26.b4 Rd6 27.g3 Qd8 28.Rxd6 Qxd6
29.Qd2 Nc8 30.Qxd6 Nxd6 31.Nd2 Nxe4 32.Nxe4 Bxe4 33.Bg2 Bxg2 34.Kxg2 Kf7 
35.h4 Ke7 36.Kf3 Kd6 37.Ke3 Nc7 38.Ng1 Nd5+ 39.Kd2 Ke6 40.f3 h5 41.Nh3 Kf5
42.Nf2 g5 43.Ne4 gxh4 44.gxh4 Kf4 45.Ke2 f5 46.Nc5 Nxc3+ 47.Kf2 e4 0-1

[Event "8th EUR-ch (w)"]
[Site "Dresden GER"]
[Date "2007.04.13"]
[Round "10"]
[White "Dolzhikova, Kateryna"]
[Black "Shmirina, Galina"]
[Result "1-0"]
[WhiteElo "2282"]
[BlackElo "2115"]
[EventDate "2007.04.03"]
[PlyCount "73"]

1.e4 e6 2.d4 d5 3.exd5 exd5 4.Nf3 Bd6 5.c4 Qe7+ 6.Be2 Bb4+ 7.Nc3 Nf6 8.O-O
Bxc3 9.bxc3 O-O 10.Re1 Bg4 11.h3 Bh5 12.Qb3 c5 13.Ba3 Nbd7 14.cxd5 Qe4 15.
dxc5 Rfe8 16.Bb5 Qg6 17.Nd4 Re5 18.c6 Rg5 19.Bf1 bxc6 20.dxc6 Nb6 21.Qc2 
Qxc2 22.Nxc2 Bf3 23.Nd4 Bd5 24.Bc1 Rh5 25.Be2 Re5 26.Bf4 Re4 27.Bg3 Rae8 
28.f3 Re3 29.Ba6 Rxc3 30.c7 Be6 31.Nb5 Rc6 32.Nxa7 Rc2 33.Nb5 Bc8 34.Rxe8+
Nxe8 35.Bxc8 Nxc8 36.Rd1 Kf8 37.Rd8 1-0